Statistics for Oceania Islands Map Quiz

Click here to take the quiz!

General Stats

  • This quiz has been taken 1,194 times
  • The average score is 17 of 52

Answers on the Map

Answers color-coded by a green-red scale on the quiz's map according to % correct below.
 

Answer Stats

Answer% Correct
New Guinea
76%
Hawaiian Islands
75%
Tasmania
75%
North Island
74%
South Island
74%
Solomon Islands
67%
New Caledonia
64%
Palau
60%
Vanuatu
59%
Marshall Islands
51%
Nauru
50%
Marianas Islands
48%
Bougainville Island
44%
Kangaroo Island
42%
Samoan Islands
41%
New Britain
40%
Tonga
40%
New Ireland
37%
Torres Strait Islands
37%
Pitcairn Islands
35%
Tuvalu
35%
Vanua Levu
35%
Norfolk Island
34%
Viti Levu
30%
Niue
26%
Chatham Islands
25%
Wallis
25%
Tokelau
22%
Southern Cook Islands
21%
Chuuk Islands
20%
Gilbert Islands
20%
Line Islands
20%
Lord Howe Island
20%
Bonin Islands
19%
Northern Cook Islands
19%
Yap Islands
19%
Yos Sudarso / Dolok
19%
Aru Islands
18%
Manus Island
17%
Pohnpei
17%
Society Islands
17%
Tiwi Islands
17%
Kosrae
16%
Tuamotu Archipelago
16%
Hoorn / Futuna Islands
15%
Marquesas Islands
15%
Rotuma
15%
Santa Cruz Islands
15%
Austral Islands
14%
Phoenix Islands
14%
Gambier Islands
12%
Louisiade Archipelago
12%

Score Distribution

Percentile by Number Answered

Percent of People with Each Score

Your Score History

You have not taken this quiz